000 00244nam a2200097Ia 4500
001 1251717
005 20251031150920.0
008 251031s9999 xx 000 0 und d
245 0 _cJOE CARAMAGNA
_aŞ-2 KARLAR ÜLKESİ
260 _bBETA YAYINLARI
999 _c1251717
_d1251717